00703nam a2200229 a 45000010005000000030009000050080041000140200015000550400028000700820016000981000030001142450013001442500006001572600044001633000011002074900014002185900019002326500028002519420012002799990017002919520165003085523CO-ViMGA141112s2004 ck r 000 u spa d a9800101063 aCO-ViMGAbspacCO-ViMGA04a863.5 P17i51 aParra, Teresa de la9383610aIfigenia a3 aCaracas, cmonte avila editores, c1990 a283 p. aEl dorado aEjemplares : 314aNOVELA VENEZOLANA96491 2ddccBK c17508d17508 00102ddc40708003aMEVIECARbMEVIECARd2015-12-04hVolumen. 1 | 11/jun/2009l1m1o863.5 P17i5 p5523r2017-08-04 00:00:00s2017-06-09tEj. 1w2015-12-04yBK